| 000 | 00366nam a2200133Ia 4500 | ||
|---|---|---|---|
| 008 | 200924s9999 xx 000 0 und d | ||
| 020 | _a978-981-48-3901-3 | ||
| 100 | _aGriffin, Ricky | ||
| 245 |
_cRicky Griffin _aFundamentals of management/ |
||
| 250 | _a8th ed. | ||
| 260 |
_aSingapore: _bCENGAGE _c2018 |
||
| 300 |
_axxv, 518 pages _c25 cm. |
||
| 650 | _aManagement | ||
| 999 |
_c364441 _d364441 |
||